Proyecto de desarrollo de la infraestructura de la zona norte

Guardat en:
Dades bibliogràfiques
Autor corporatiu: Costa Rica. Ministerio de Planificación Nacional y Política Económica
Format: Text
Publicat: San José :
Matèries:
Etiquetes: Afegir etiqueta
Sense etiquetes, Sigues el primer a etiquetar aquest registre!

MARC

LEADER 00000 a a2200000 04500
001 14141
003
040
090 |a 022800  
110 |a Costa Rica. Ministerio de Planificación Nacional y Política Económica  
245 |a Proyecto de desarrollo de la infraestructura de la zona norte  
260 |a San José :  
300 |a 11 p.  
650 |a PROYECTOS DE DESARROLLO  
999 |c 15442  |d 15442